Score 0/40 Timer 04:00
0 Plays Today
Un-Halloween Movie Hallo-word % Correct
___ Poets SocietyDead
94.5%
The ___ Wears PradaDevil
93.4%
___ Hawk DownBlack
91.4%
Charlie and the ___ FactoryChocolate
91%
Charlotte's ___Web
89.1%
Date ___Night
87.6%
A Clockwork ___Orange
87.5%
The Man in the Iron ___Mask
85.9%
In Cold ___Blood
82.8%
The ___ CollectorBone
77.9%
___ and Loathing in Las VegasFear
74.9%
Dirty ___ ScoundrelsRotten
74.9%
___-in-LawMonster
72.6%
Bedknobs and ___Broomsticks
69.4%
Who's ___ of Virginia Woolf?Afraid
69.4%
The ___ House RulesCider
68.9%
I Love You to ___Death
67.5%
That Darn ___!Cat
66.4%
___ the BulletBite
64.6%
Sunday ___ SundayBloody
64.1%
Un-Halloween Movie Hallo-word % Correct
Practical ___Magic
59.7%
Kiss of the ___ WomanSpider
47%
Paper ___Moon
41.8%
The ___ of the VanitiesBonfire
40.9%
___ SkyOctober
30.1%
House of Sand and ___Fog
29.7%
___ in ParisMidnight
26.2%
___ HeatBody
24.8%
The Big ___Chill
24.4%
___ Is for HeroesHell
23.9%
Sexy ___Beast
18.7%
___ of GrassLeaves
16.5%
___ WorldGhost
15.7%
Touch of ___Evil
15.4%
White ___Fang
11.5%
___ in New YorkAutumn
11.2%
___ VictoryDark
10.2%
___*21Bat
7.2%
___ Off...Noises
4.4%
The House of the ___Spirits
4%

Today's Daily Dose

Missing Word
'T' Pairs

Word Ladder
Game Pieces

Get the Picture
Baseball Movies

Remove Ads.
Support Sporcle.
Get the best of Sporcle when you Go Orange. This ad-free experience offers more features, more stats, and more fun while also helping to support Sporcle. Thank you for becoming a member.

You're not logged in!

Compare scores with friends on all Sporcle quizzes.
OR
Log In

Show Comments

Extras

Top Quizzes Today


Score Distribution

Your Account Isn't Verified!

In order to create a playlist on Sporcle, you need to verify the email address you used during registration. Go to your Sporcle Settings to finish the process.

Report this User

Report this user for behavior that violates our Community Guidelines.

Details: